Flags but the People - Statistics

General Stats
  • This quiz has been taken 31 times
  • The average score is 14 of 15
Answers on the Map
Answers color-coded by a green-red scale on the quiz's map according to % correct below.
 
Answer Stats
Answer % Correct
Brazil
100%
Azerbaijan
93%
Fiji
93%
Moldova
93%
Papua New Guinea
93%
Slovenia
93%
Sri Lanka
93%
Uganda
93%
Vanuatu
93%
Antigua and Barbuda
90%
East Timor
90%
Tanzania
90%
Central African Republic
86%
Eritrea
86%
Panama
86%
No matching quizzes found
Score Distribution
Percent of People with Each Score
Percentile by Number Answered
Your Score History
You have not taken this quiz